000
00155nam a22000857a 4500
082
_a
PEA
100
_a
Pearson
245
_a
Tracts for computers
942
_c
BK
999
_c
15316
_d
15316